|
|
|
|
| LEADER |
00625cam a2200181 7i4500 |
| 001 |
0000027749 |
| 005 |
20090714090000.0 |
| 020 |
|
|
|a 9781844833917 (pbk.)
|
| 040 |
|
|
|a UiTM
|
| 090 |
0 |
0 |
|a LB2367
|b .O37 2003
|
| 100 |
1 |
|
|a O'Brien,Dominic
|
| 245 |
0 |
0 |
|a How to pass exams :
|b accelerate your learning, memorise key facts, revise effectively
|c Dominic O'Brien;foreword by Tony Buzan.
|
| 260 |
|
|
|a London:
|b Duncan Bird Pub.,
|c 2003.
|
| 300 |
|
|
|a 251 p.;
|c 20 cm.
|
| 504 |
|
|
|a Includes bibliographical references and index
|
| 650 |
0 |
0 |
|a Examinations
|
| 700 |
1 |
|
|a Buzan,Tony
|
| 999 |
|
|
|a 0000037181
|b BOK
|c OPEN SHELF
|e 1st Floor, Bestari Jaya
|